000 00532nam a22001937a 4500
005 20220725165438.0
008 220725b ||||| |||| 00| 0 eng d
040 _cAL
041 _aEnglish
082 _223
_a332.46
_bEINM
100 _aPaul Einzig
_953215
245 _aMonetary Policy: Ends and Means
260 _aHarmondsworth
_bPenguin Books Ltd
_c1964
300 _a432 p.
_bPB
_c18x11 cm.
650 _aCurrency question
_953216
650 _aMonetary policy
_953217
700 _aEINZIG (Paul)
_953218
942 _2ddc
_cGF
999 _c224174
_d224174